Better quality of work life through productivity : International Productivity Congress
| Corporate Author: | |
|---|---|
| Format: | Book |
| Published: |
Tokyo :
Asian Productivity Organization ,
1992
|
| Subjects: |
MARC
| LEADER | 00000cam a2200000 7i4500 | ||
|---|---|---|---|
| 001 | 0000000128 | ||
| 002 | 000000166 | ||
| 005 | 20000330.0 | ||
| 020 | |a 9283321189 | ||
| 090 | 0 | 0 | |a 351.147 |b BET |
| 245 | 0 | 0 | |a Better quality of work life through productivity : |b International Productivity Congress |
| 260 | |a Tokyo : |b Asian Productivity Organization , |c 1992 | ||
| 300 | |a 296p. ; |c 28cm. | ||
| 650 | 0 | 0 | |a Quality resources |
| 710 | 2 | |a ASIAN Productivity Organization | |
| 999 | |a 000000016 |b BUKU |c RUJUKAN |e PERPUSTAKAAN KOMUNITI PETALING JAYA | ||